000 00625nam a22002177a 4500
003 OSt
005 20260410020004.0
008 251119b |||||||| |||| 00| 0 eng d
020 _a9781292293127
040 _cDDC
082 _a657.3 STO 2019
100 _aStolowy, Herve; Paugam, Luc; Ding, Yuan
_919521
245 _aFinancial Accounting and Reporting: a global perspective
250 _a7th ed.
260 _aHarlow; Pearson, 2019
300 _axii,500p. Ill: 25cm
504 _aAnswers, & index included
650 _aFinancial accounting
_95655
650 _afinancial reporting
_919522
942 _2z
_cO_SHELF
_02
999 _c9592
_d9592